Eucalyptus: principios de silvicultura y manejo
Guardat en:
| Autors principals: | , |
|---|---|
| Format: | Llibre |
| Idioma: | espanyol |
| Publicat: |
Santiago
Instituto Forestal
1989
Santiago Corporación de Fomento de la Producción 1989 |
| Matèries: | |
| Etiquetes: |
Afegir etiqueta
Sense etiquetes, Sigues el primer a etiquetar aquest registre!
|
MARC
| LEADER | 00000nam a2200000 a 4500 | ||
|---|---|---|---|
| 001 | UCZ0311 | ||
| 003 | CL-VaPUC | ||
| 008 | 950728e19890600CL |||||||||||||||||spa|d | ||
| 082 | 0 | 4 | |a 583.42 |b PRA |2 21 |
| 100 | 0 | |a Prado D., José Antonio |e author |9 343065 | |
| 700 | 0 | |a Barros A., Santiago |e author |9 343066 | |
| 245 | 1 | 0 | |a Eucalyptus: principios de silvicultura y manejo |
| 300 | |a 199 p | ||
| 942 | |c BK | ||
| 945 | |d 19950728 00:00:00 |a awong | ||
| 260 | |a Santiago |b Instituto Forestal |c 1989 | ||
| 260 | |a Santiago |b Corporación de Fomento de la Producción |c 1989 | ||
| 650 | 7 | |a EUCALIPTUS |2 CL-VaPUC |9 343067 | |
| 650 | 0 | |a Árboles |9 264746 | |
| 651 | 7 | |a CHILE |2 CL-VaPUC |9 343068 | |
| 583 | |a last modification |c 20120903 10:25:20 |k Rodrigo Vera | ||
| 999 | |c 237263 |d 237261 | ||
| 952 | |0 0 |1 0 |4 0 |6 583_420000000000000_PRA_1989_1989 |7 0 |8 A |9 246169 |a BIBING |b BIBING |d 2019-11-18 |i 3114333 |l 1 |o 583.42 PRA 1989 1989 |p 3114333 |r 2025-01-20 |s 2023-11-15 |w 2019-11-18 |y BK |k GEO | ||